000
00291nam a2200097Ia 4500
082
_a
822.914 GOVE
245
0
_a
in the manure : memories and reflections
100
_a
GOVENDER, Ronnie Claremont, South Africa, 2008
_9
59733
942
_c
BK
008
210817s9999 xx 000 0 und d
999
_c
187781
_d
187780